000 00677nam a2200229Ia 4500
003 OSt
005 20221007072103.0
006 a|||||r|||| 00| 0
007 ta
008 221006b |||||||| |||| 00| 0 eng d
024 _a27,447
037 _cReports / Technical Reports
040 _aFLL
_cFLL
_beng
041 _2eng
_aeng
082 _aZ654:1:6z7, K5
100 _aDerrett J. Duncan M.
245 0 _aStudies in the laws of succession in Nigeria
260 _aLondon
_bOxford University Press UK
_c1965
300 _aviii,293p
_ccm.
942 _hZ654:1:6z7, K5
_cREP
_2CC
999 _c1145160
_d1145160